000 01012nam a22002417a 4500
999 _c65685
_d65685
005 20240530110838.0
008 191203s2003 ua a f b 000 0 ara d
017 _a2002/15933
_bمصر. دار الكتب
040 _aEG-CaGPL
_cEG-CaGPL
082 0 4 _221
_a916.2
_bق/ ل م
100 0 _aاحمد على اسماعيل
245 1 2 _aالمدن المصرية /
_cاشراف اسماعيل على احمد
_nالقسم الاول :
_pمدن الصعيد
_nالجزء الثانى . القسم الاول :
_pمدن الوجه البحرى
250 _aط .1
260 _aالقاهرة :
_bالمجلس الاعلى للثقافة،
_c2003
300 _a601 ص. :
_bايض. ؛
_c24 سم.
504 _aيشتمل على ارجاعات ببليوجرافية
650 0 7 _2qrmak
_aالمدن المصرية
_xالصعيد
650 0 7 _aالصعيد
651 0 7 _2qrmak
_aالوجه البحرى
653 _aالمدن المصرية
942 _2ddc
_cBK